[Event "Titled Tue 27th May Early"]
[Site "chess.com INT"]
[Date "2025.05.27"]
[Round "3"]
[White "Van Dael, Siem"]
[Black "Logachiov, Aleksandr"]
[Result "0-1"]
[WhiteTitle "FM"]
[BlackTitle "CM"]
[WhiteElo "2258"]
[BlackElo "2129"]
[WhiteFideId "1049771"]
[BlackFideId "24123706"]
[EventDate "2025.05.27"]

1. Nc3 d5 2. e4 d4 3. Nce2 d3 4. cxd3 Qxd3 5. Ng3 Qd8 6. Nf3 c5 7. h3 Nc6 8. Bc4
e6 9. O-O Nf6 10. e5 Nd7 11. Re1 Qc7 12. Bb5 Be7 13. d4 cxd4 14. Nxd4 Nxd4 15.
Qxd4 a6 16. Ba4 b5 17. Bb3 Bb7 18. Bf4 Qb6 19. Qd2 Rd8 20. Nh5 Kf8 21. Bh6 Rg8
22. Bxg7+ Ke8 23. Qh6 Nf8 24. Nf6+ Bxf6 25. exf6 Qc6 26. f3 Ng6 27. Qxh7 Kd7 28.
Rad1+ Kc8 29. Rc1 Nf4 30. Rxc6+ Bxc6 31. Rc1 Ne2+ 32. Kh2 Nxc1 33. Qxg8 Rxg8 34.
Bf8 Rxf8 35. Bxe6+ fxe6 36. f7 Rxf7 37. g4 Nd3 38. Kg3 Ne5 39. Kh4 Nxf3+ 40. Kh5
Rh7+ 41. Kg6 Rxh3 42. Kf6 Rg3 43. Kxe6 Rxg4 0-1

[Event "Titled Tue 27th May Early"]
[Site "chess.com INT"]
[Date "2025.05.27"]
[Round "3"]
[White "Meshkovs, Nikita"]
[Black "Stamatiou, Rodolfos"]
[Result "0-1"]
[WhiteTitle "GM"]
[BlackTitle "FM"]
[WhiteElo "2539"]
[BlackElo "2269"]
[WhiteFideId "11602740"]
[BlackFideId "25826530"]
[EventDate "2025.05.27"]

1. d4 Nf6 2. Bg5 d5 3. Bxf6 gxf6 4. Nf3 c5 5. dxc5 e5 6. e4 dxe4 7. Qxd8+ Kxd8
8. Nfd2 f5 9. Nc3 Bxc5 10. O-O-O Bd7 11. g4 fxg4 12. Ndxe4 Be7 13. h3 f5 14. Ng3
Kc8 15. hxg4 fxg4 16. Nd5 Bg5+ 17. Kb1 Nc6 18. Rh5 h6 19. Ne4 Rg8 20. Bb5 Be6
21. Nxg5 Rxg5 22. Rxh6 Nd4 23. Rh8+ Bg8 24. Bc4 b5 25. Ne7+ Kd7 26. Nxg8 Rf8 27.
Bxb5+ Kc7 28. Bc4 Rxf2 29. Rh7+ Kb6 30. c3 Nc2 31. a4 Ne3 32. a5+ Kc6 33. Rh6+
Kc7 34. Rdd6 Nxc4 35. Rc6+ Kd7 36. Rxc4 Rxg8 37. Rb4 g3 0-1

[Event "Titled Tue 27th May Early"]
[Site "chess.com INT"]
[Date "2025.05.27"]
[Round "3"]
[White "Puzyrevsky, Semyon"]
[Black "Manukian, Artak"]
[Result "1-0"]
[WhiteTitle "FM"]
[WhiteElo "2253"]
[BlackElo "2104"]
[WhiteFideId "24240931"]
[BlackFideId "13301373"]
[EventDate "2025.05.27"]

1. e4 c6 2. d4 d5 3. exd5 Qxd5 4. Nf3 Bg4 5. Be2 Nf6 6. O-O e6 7. c4 Qd8 8. Nc3
Be7 9. h3 Bh5 10. Bf4 O-O 11. Re1 a5 12. Qb3 Qc8 13. Rad1 Rd8 14. g4 Bg6 15. Ne5
Nbd7 16. Nxg6 hxg6 17. Bf3 Bb4 18. a3 Bxc3 19. bxc3 a4 20. Qb4 Nf8 21. Rb1 Ra7
22. Qb6 Qa8 23. Be3 N6d7 24. Qb4 b6 25. Bf4 Qc8 26. Bg5 f6 27. Bf4 g5 28. Bd6
Ng6 29. Rxe6 Nde5 30. dxe5 Qxe6 31. Qxb6 Raa8 32. Bxc6 Qxc4 33. Bxa8 Rxa8 34.
exf6 gxf6 35. Bg3 Qa6 36. Qc7 Rc8 37. Qd7 Qc6 38. Qf5 Ne7 39. Qa5 Qxc3 40. Qxa4
Qc2 41. Qb5 Qc4 42. Qd7 Qf7 43. Re1 Nd5 44. Qxc8+ 1-0

[Event "Titled Tue 27th May Early"]
[Site "chess.com INT"]
[Date "2025.05.27"]
[Round "3"]
[White "May Sanchez, Andres Elias"]
[Black "Yang, Kaiqi"]
[Result "0-1"]
[WhiteTitle "CM"]
[BlackTitle "GM"]
[WhiteElo "2209"]
[BlackElo "2481"]
[WhiteFideId "5150973"]
[BlackFideId "8604398"]
[EventDate "2025.05.27"]

1. Nf3 d5 2. g3 Nc6 3. Bg2 e5 4. d3 Be6 5. c3 Qd7 6. Nbd2 Bh3 7. Bxh3 Qxh3 8.
Qc2 Nf6 9. e4 dxe4 10. dxe4 Bc5 11. Nb3 Bb6 12. Qe2 Ng4 13. Rf1 f6 14. a4 O-O-O
15. Ng1 Qxh2 16. Qxg4+ Kb8 17. Qe2 Qg2 18. a5 Bxf2+ 19. Qxf2 Qxe4+ 20. Qe2 Qg6
21. a6 Qxg3+ 22. Qf2 Qd3 23. Bd2 e4 24. Qe3 Qd5 25. Nc5 Ne5 26. axb7 Nc4 27.
Na6+ Kxb7 28. Nc5+ Kc8 29. Rd1 Nxe3 30. Bxe3 Qxd1+ 31. Kf2 Qc2+ 32. Kg3 h5 33.
Ne6 h4+ 34. Kg4 Rd7 35. Nc5 Qg2+ 36. Kf5 g6+ 37. Ke6 Re8+ 38. Kxf6 Qxf1+ 39.
Kxg6 Qf7+ 40. Kg5 Rg8+ 41. Kh6 Qh7# 0-1

[Event "Titled Tue 27th May Early"]
[Site "chess.com INT"]
[Date "2025.05.27"]
[Round "3"]
[White "Asish Panda"]
[Black "Terlouw, Wouter"]
[Result "1-0"]
[BlackTitle "CM"]
[WhiteElo "1911"]
[BlackElo "2227"]
[WhiteFideId "45012458"]
[BlackFideId "1087401"]
[EventDate "2025.05.27"]

1. e4 c5 2. Nf3 Nc6 3. Bb5 e6 4. O-O Nge7 5. c3 a6 6. Ba4 b5 7. Bc2 d5 8. exd5
Nxd5 9. d4 cxd4 10. Nxd4 Nxd4 11. Qxd4 Qf6 12. Qd1 Be7 13. Nd2 O-O 14. Ne4 Qh4
15. Re1 Bb7 16. Ng3 Rad8 17. Qf3 Bc5 18. Ne4 Be7 19. Ng3 Bc5 20. Re5 Ne3 21.
Qxb7 Nxc2 22. Bg5 Qg4 23. h3 Rd1+ 24. Kh2 Bxf2 25. hxg4 Rxa1 26. Qf3 Bg1+ 27.
Kh3 Ne1 28. Rxe1 Rxe1 29. Qb7 Bf2 30. Bf4 Bxg3 31. Bxg3 Re2 32. Qxa6 Rxb2 33. a3
h6 34. Be5 Re8 35. Bd4 f6 36. Qc6 Rf8 37. Qxe6+ Kh8 38. Qe7 Rc8 39. Bxf6 gxf6
40. Qxf6+ Kh7 41. Qf5+ Kg7 42. Qxc8 1-0

[Event "Titled Tue 27th May Early"]
[Site "chess.com INT"]
[Date "2025.05.27"]
[Round "3"]
[White "Rozman, Levy"]
[Black "Shirov, Alexei"]
[Result "1/2-1/2"]
[WhiteTitle "IM"]
[BlackTitle "GM"]
[WhiteElo "2324"]
[BlackElo "2620"]
[WhiteFideId "2039877"]
[BlackFideId "2209390"]
[EventDate "2025.05.27"]

1. d4 d5 2. Bg5 h6 3. Bh4 c5 4. dxc5 g5 5. Bg3 Bg7 6. c3 Nc6 7. h4 g4 8. h5 Nf6
9. Nd2 Nd7 10. Nb3 e6 11. e4 Nf6 12. exd5 exd5 13. Bd3 O-O 14. Ne2 Re8 15. Qc2
Ne4 16. O-O-O Bf5 17. Nbd4 Nxd4 18. Nxd4 Qg5+ 19. Kb1 Bd7 20. Bh4 Qxh5 21. f3
Nxc5 22. Be7 Qxh1 23. Rxh1 Rxe7 24. fxg4 Bxg4 25. Bf5 Bxf5 26. Nxf5 Re6 27. Nxg7
Kxg7 28. Qf5 Rd8 29. Qg4+ Kh7 30. Qd4 Ne4 31. Qxa7 Rd7 32. Qb8 Rg6 33. Qc8 Re7
34. Qf5 Kg7 35. Qxd5 Rxg2 36. a4 Rg5 37. Qd4+ Kh7 38. Ka2 Rge5 39. Qe3 Ng5 40.
Qd3+ Kg7 41. Rf1 R5e6 42. Qd4+ Kg6 43. a5 f6 44. Qd3+ Kg7 45. Rh1 Re5 46. b4 Re3
47. Qd4 R3e4 48. Qd3 Re3 49. Qd4 R3e4 50. Qd3 Re3 1/2-1/2

[Event "Titled Tue 27th May Early"]
[Site "chess.com INT"]
[Date "2025.05.27"]
[Round "3"]
[White "Turcsanyi, Vince Gergo"]
[Black "Wu, Derek"]
[Result "0-1"]
[WhiteTitle "FM"]
[BlackTitle "FM"]
[WhiteElo "2321"]
[BlackElo "2232"]
[WhiteFideId "791784"]
[BlackFideId "30914558"]
[EventDate "2025.05.27"]

1. c4 e5 2. Nc3 Nf6 3. Nf3 Nc6 4. g3 Bb4 5. Bg2 Bxc3 6. bxc3 O-O 7. O-O Re8 8.
d3 e4 9. Nd4 h6 10. Rb1 b6 11. dxe4 Bb7 12. Nxc6 Bxc6 13. f3 Qe7 14. Be3 Rad8
15. Bd4 d6 16. Qb3 Nd7 17. Rbd1 Ne5 18. Bxe5 Qxe5 19. Rd4 Qa5 20. Rfd1 Ba4 21.
Qb4 Bxd1 22. Qxa5 bxa5 23. Rxd1 Rb8 24. c5 dxc5 25. Rd7 Rb2 26. Rxc7 Rxe2 27. a4
Rb8 28. Bf1 Rb1 29. Rc8+ Kh7 30. f4 Ree1 31. Kf2 Rxf1+ 32. Ke3 Rbe1+ 33. Kd3
Rf3+ 34. Kc4 Rxe4+ 35. Kb5 Rxc3 36. Rc7 Rb4+ 37. Kxa5 Ra3 38. Rxc5 Raxa4# 0-1

[Event "Titled Tue 27th May Early"]
[Site "chess.com INT"]
[Date "2025.05.27"]
[Round "3"]
[White "Golubova, Anna"]
[Black "Injac, Teodora"]
[Result "1-0"]
[WhiteTitle "WIM"]
[BlackTitle "IM"]
[WhiteElo "2112"]
[BlackElo "2474"]
[WhiteFideId "24173606"]
[BlackFideId "932400"]
[EventDate "2025.05.27"]

1. d4 Nf6 2. Nf3 e6 3. g3 b5 4. Bg2 Bb7 5. O-O Be7 6. a4 b4 7. c4 bxc3 8. Nxc3
O-O 9. a5 Na6 10. Re1 Bb4 11. Bd2 Rb8 12. Ne5 c5 13. Bxb7 Rxb7 14. dxc5 Nxc5 15.
Be3 Qc7 16. Bd4 d6 17. Nd3 e5 18. Nxb4 Rxb4 19. Bxc5 Qxc5 20. Qd2 Rfb8 21. Ra2
h6 22. Rd1 Rd4 23. Qc2 Nd5 24. Raa1 Rc8 25. e3 Rxd1+ 26. Rxd1 Nxc3 27. Qxc3 Qxc3
28. bxc3 Rc6 29. Rb1 g6 30. Rb7 Ra6 31. Rb5 Kf8 32. Kf1 Ke7 33. Ke2 Kd7 34. Kd3
Kc6 35. c4 Kd7 36. Ke4 Ke6 37. f4 f5+ 38. Kd3 Rc6 39. Rb7 a6 40. Rh7 h5 41. Rg7
Kf6 42. Rb7 Ke6 43. Kc3 Rc5 44. Kb4 Rc6 45. Rb6 Kd7 46. fxe5 dxe5 47. c5 Kc7 48.
Kc4 Kd7 49. Kd5 Rc7 50. Rxa6 Kc8 51. Rc6 1-0

[Event "Titled Tue 27th May Early"]
[Site "chess.com INT"]
[Date "2025.05.27"]
[Round "3"]
[White "Dogan, Umut Anil"]
[Black "Redor, Menandro"]
[Result "0-1"]
[WhiteTitle "CM"]
[WhiteElo "2123"]
[BlackElo "2021"]
[WhiteFideId "51618060"]
[BlackFideId "5222010"]
[EventDate "2025.05.27"]

1. d4 d5 2. c4 e6 3. Nf3 Nf6 4. Nc3 Bb4 5. Qa4+ Nc6 6. Ne5 Bxc3+ 7. bxc3 Bd7 8.
Nxd7 Qxd7 9. e3 O-O 10. Ba3 Rfe8 11. cxd5 Nxd5 12. c4 Nb6 13. Qb3 e5 14. d5 Ne7
15. e4 c6 16. c5 Nbc8 17. d6 Ng6 18. g3 b6 19. h4 bxc5 20. Bh3 Qxd6 21. Rd1 Qc7
22. Rd7 Qa5+ 23. Kf1 Nce7 24. Kg2 Rab8 25. Qf3 h5 26. Rc1 Rbd8 27. Rxc5 Qa6 28.
Qc3 Rxd7 29. Bxd7 Rd8 30. Bxc6 Rd3 31. Qb4 Qxa3 32. Qb8+ Kh7 33. Rc4 Qd6 34. Qb7
Nxc6 35. Rxc6 Qd4 36. Rc7 Nh8 37. Qxa7 Qxe4+ 38. Kh2 Rd1 39. g4 Rh1+ 40. Kg3
Qxg4# 0-1

[Event "Titled Tue 27th May Early"]
[Site "chess.com INT"]
[Date "2025.05.27"]
[Round "3"]
[White "Goryachkina, Aleksandra"]
[Black "Suyarov, Mukhammadzokhid"]
[Result "0-1"]
[WhiteTitle "GM"]
[BlackTitle "IM"]
[WhiteElo "2544"]
[BlackElo "2491"]
[WhiteFideId "4147103"]
[BlackFideId "14210495"]
[EventDate "2025.05.27"]

1. c4 e6 2. Nf3 d5 3. d4 Nf6 4. g3 Be7 5. Bg2 O-O 6. Nc3 dxc4 7. Ne5 c5 8. dxc5
Qxd1+ 9. Nxd1 Bxc5 10. Ne3 Nbd7 11. N3xc4 Rb8 12. O-O b5 13. Nxd7 Bxd7 14. Ne5
Rbc8 15. Nxd7 Nxd7 16. Rd1 Nb6 17. b3 Rfd8 18. Bb2 f6 19. e3 Kf7 20. Kf1 Ke7 21.
Rxd8 Rxd8 22. Ke2 Bd6 23. Rc1 Rc8 24. Rxc8 Nxc8 25. f4 Nb6 26. Kd3 Kd7 27. Bd4
Be7 28. g4 g6 29. h4 f5 30. g5 Nc8 31. Bf3 a5 32. h5 gxh5 33. Bxh5 Bb4 34. Bf7
Ne7 35. Bf6 Bc5 36. e4 Ng6 37. exf5 exf5 38. Bg8 Nxf4+ 39. Kc2 Nh5 40. Bxh7 f4
41. Bf5+ Kd6 42. Bd8 f3 43. g6 f2 44. Bh3 Nf4 45. g7 Nxh3 46. g8=Q f1=Q 47. Qg6+
Kd7 0-1

[Event "Titled Tue 27th May Early"]
[Site "chess.com INT"]
[Date "2025.05.27"]
[Round "3"]
[White "Luong Phuong Hanh"]
[Black "Gasparyan, Erik R."]
[Result "0-1"]
[WhiteTitle "WIM"]
[BlackTitle "IM"]
[WhiteElo "2144"]
[BlackElo "2372"]
[WhiteFideId "12401013"]
[BlackFideId "13315730"]
[EventDate "2025.05.27"]

1. d4 e6 2. Nf3 b6 3. e3 Bb7 4. Bd3 Nf6 5. O-O d5 6. b3 Be7 7. Bb2 O-O 8. Nbd2
Nbd7 9. Ne5 c5 10. f4 Rc8 11. Qf3 Qc7 12. Qh3 Ne4 13. Rad1 f5 14. Nxe4 dxe4 15.
Bc4 Bd5 16. dxc5 Nxe5 17. Bxe5 Qxc5 18. Bd4 Qc6 19. Bxd5 exd5 20. c3 Bf6 21. Qh5
Bxd4 22. cxd4 Qc2 23. Rf2 Qc3 24. Qe2 Rc6 25. h3 Rfc8 26. Kh2 Qb4 27. Qh5 g6 28.
Qh4 Rc3 29. Qf6 Qf8 30. Qe6+ Qf7 31. Qe5 R3c6 32. g4 Re8 33. gxf5 Rxe5 34. fxe5
gxf5 35. Rdf1 Rg6 36. Rxf5 Qg7 37. R5f2 Qh6 38. Rf4 Qg5 39. Rg4 Qxe3 0-1

[Event "Titled Tue 27th May Early"]
[Site "chess.com INT"]
[Date "2025.05.27"]
[Round "3"]
[White "Durarbayli, Vasif"]
[Black "Jakubowski, Krzysztof"]
[Result "1-0"]
[WhiteTitle "GM"]
[BlackTitle "GM"]
[WhiteElo "2612"]
[BlackElo "2448"]
[WhiteFideId "13402935"]
[BlackFideId "1112848"]
[EventDate "2025.05.27"]

1. e4 c5 2. Nf3 e6 3. d4 cxd4 4. Nxd4 Nc6 5. Nc3 Qc7 6. Be3 a6 7. Qf3 Ne5 8. Qg3
h5 9. Bf4 d6 10. Bg5 b5 11. O-O-O b4 12. Nb1 Ne7 13. Nd2 N7c6 14. Nxc6 Qxc6 15.
f4 Ng4 16. h3 Nf6 17. e5 dxe5 18. fxe5 Nd5 19. Bc4 Bb7 20. Rhf1 Rc8 21. Kb1 Rc7
22. Bh4 Qb6 23. Bb3 Bc6 24. Nc4 Qc5 25. Nd6+ Bxd6 26. exd6 Rd7 27. Qxg7 Rf8 28.
Bxd5 Bxd5 29. Be7 Rxe7 30. dxe7 Kxe7 31. Qg5+ Ke8 32. b3 a5 33. Rfe1 Kd7 34.
Qxh5 Kc6 35. g4 a4 36. Qe5 Ra8 37. Qd4 Qa5 38. Kc1 Rc8 39. h4 Kb7 40. Kb1 Ra8
41. Qb2 1-0

[Event "Titled Tue 27th May Early"]
[Site "chess.com INT"]
[Date "2025.05.27"]
[Round "3"]
[White "Lacasa Diaz, Josep Anton"]
[Black "Skytte, Robert"]
[Result "1-0"]
[WhiteTitle "IM"]
[BlackTitle "CM"]
[WhiteElo "2304"]
[BlackElo "2007"]
[WhiteFideId "2203375"]
[BlackFideId "1471775"]
[EventDate "2025.05.27"]

1. c4 e5 2. Nc3 Nf6 3. Nf3 Nc6 4. e3 Bb4 5. Qc2 O-O 6. Be2 d5 7. cxd5 Nxd5 8.
O-O Be6 9. d3 Bd6 10. a3 Qe7 11. b4 Nxc3 12. Qxc3 Bd5 13. Bb2 f6 14. Rac1 Rad8
15. Nd2 e4 16. dxe4 Be5 17. Qc2 Bxb2 18. Qxb2 Bxe4 19. Nxe4 Qxe4 20. Bf3 Qe6 21.
Bxc6 bxc6 22. Qc2 Rd6 23. Rfd1 Rfd8 24. Rxd6 Qxd6 25. g3 Qd3 26. Qxd3 Rxd3 27.
Rxc6 Rxa3 28. Rxc7 Rb3 29. Rxa7 Rxb4 30. Kg2 g6 31. Kf3 f5 32. h3 Re4 33. g4 Re5
34. Kf4 Rb5 35. f3 h6 36. gxf5 Rxf5+ 37. Kg3 Rg5+ 38. Kf2 Rh5 39. Kg3 Rg5+ 40.
Kh2 Re5 41. e4 g5 42. Kg3 h5 43. Rb7 Ra5 44. Rd7 Kf8 45. Rd5 Rxd5 46. exd5 Ke7
47. h4 Kd6 48. hxg5 Kxd5 49. f4 Ke6 50. Kh4 Kf5 51. Kxh5 Kxf4 52. g6 Kf3 53. g7
Ke2 54. g8=Q Kd1 55. Qg2 Kc1 56. Kg4 Kb1 57. Kf3 Ka1 58. Ke3 Kb1 59. Kd3 Ka1 60.
Kc3 Kb1 61. Qb2# 1-0

[Event "Titled Tue 27th May Early"]
[Site "chess.com INT"]
[Date "2025.05.27"]
[Round "3"]
[White "Devagharan, Devina"]
[Black "Marichal Gonzalez, Ariel"]
[Result "0-1"]
[WhiteTitle "WFM"]
[BlackTitle "IM"]
[WhiteElo "1860"]
[BlackElo "2268"]
[WhiteFideId "2061600"]
[BlackFideId "3503232"]
[EventDate "2025.05.27"]

1. d4 Nf6 2. c4 e6 3. Nc3 Bb4 4. Nf3 O-O 5. e3 d5 6. cxd5 exd5 7. Qc2 c5 8. Bd3
Nc6 9. O-O Bg4 10. Ne5 cxd4 11. Nxc6 bxc6 12. exd4 Re8 13. Bg5 h6 14. Bh4 Rc8
15. Rfe1 Rxe1+ 16. Rxe1 c5 17. Bxf6 Qxf6 18. Nxd5 Qxd4 19. Nxb4 Qxb4 20. Re3 Be6
21. a3 Qd4 22. h3 c4 23. Bf5 Bxf5 24. Qxf5 Rd8 25. Rc3 Qd1+ 26. Kh2 Qd2 27. Rc2
Qd6+ 28. g3 Qd4 29. Qg4 Qxg4 30. hxg4 Rd4 31. f3 Kf8 32. Kg2 Ke7 33. Kf2 Kd6 34.
Ke3 Rd3+ 35. Ke4 Kc5 36. Rc3 Rd2 37. b3 Rd4+ 38. Ke3 a5 39. b4+ axb4 40. axb4+
Kd5 41. b5 Rd1 42. b6 Rb1 43. Kf4 Rxb6 44. Ke3 Re6+ 45. Kf2 Kd4 46. Rc1 c3 47.
Rd1+ Kc4 48. f4 c2 49. Rd2 Kc3 50. Rd8 Rc6 51. Rc8 Rxc8 0-1

[Event "Titled Tue 27th May Early"]
[Site "chess.com INT"]
[Date "2025.05.27"]
[Round "3"]
[White "Dishman, Stephen"]
[Black "Lai, Duc Minh"]
[Result "1-0"]
[WhiteTitle "FM"]
[WhiteElo "2284"]
[BlackElo "2072"]
[WhiteFideId "403024"]
[BlackFideId "12420387"]
[EventDate "2025.05.27"]

1. d4 f5 2. Bg5 h6 3. Bh4 g5 4. Bg3 Bg7 5. e3 d6 6. h4 Nf6 7. hxg5 hxg5 8. Rxh8+
Bxh8 9. Nc3 e6 10. Qd2 Qe7 11. O-O-O Nc6 12. f3 Bd7 13. e4 f4 14. Bf2 e5 15. d5
Nd4 16. Bxd4 exd4 17. Qxd4 Bg7 18. Qb4 O-O-O 19. Bb5 Nh5 20. Nge2 a6 21. Bxd7+
Qxd7 22. Nd4 Bxd4 23. Qxd4 g4 24. Rh1 Ng3 25. Rh8 gxf3 26. gxf3 Nf1 27. Qf6 Ng3
28. Kd2 Nf1+ 29. Ke2 Ne3 30. Kd3 Ng2 31. Kd2 Ne3 32. Ne2 Nc4+ 33. Kc3 Ne5 34.
Nxf4 Rxh8 35. Qxh8+ Qd8 36. Qxd8+ Kxd8 37. Ne6+ Kd7 38. f4 Ng6 39. Kd4 c6 40. c4
Nh4 41. b4 b5 42. c5 Nf3+ 43. Ke3 Ne1 44. Kd2 Nf3+ 45. Ke2 cxd5 46. Kxf3 dxe4+
47. Kxe4 Kxe6 48. c6 d5+ 49. Kd4 Kd6 50. f5 Kxc6 51. f6 a5 52. f7 axb4 53. f8=Q
b3 54. axb3 1-0

[Event "Titled Tue 27th May Early"]
[Site "chess.com INT"]
[Date "2025.05.27"]
[Round "3"]
[White "Sjugirov, Sanan"]
[Black "Gelman, Alexander"]
[Result "1-0"]
[WhiteTitle "GM"]
[BlackTitle "IM"]
[WhiteElo "2638"]
[BlackElo "2403"]
[WhiteFideId "4189302"]
[BlackFideId "4118316"]
[EventDate "2025.05.27"]

1. c4 c5 2. g3 Nf6 3. Bg2 e6 4. Nf3 Be7 5. O-O O-O 6. Nc3 a6 7. d4 cxd4 8. Nxd4
d6 9. b3 Qc7 10. Bb2 Nbd7 11. Rc1 Ne5 12. e4 Bd7 13. Qe2 Rac8 14. h3 Rfe8 15.
Kh1 Ng6 16. Rfd1 Qb8 17. Kg1 h5 18. Qd2 b5 19. cxb5 axb5 20. Nce2 b4 21. Rxc8
Rxc8 22. Rc1 Rxc1+ 23. Qxc1 Qb6 24. Qd2 h4 25. g4 d5 26. exd5 Nxd5 27. Bxd5 exd5
28. Nf5 Bxf5 29. gxf5 Nf8 30. Qxd5 Qa6 31. Nc1 Bf6 32. Bxf6 Qxf6 33. Nd3 Qg5+
34. Kf1 g6 35. Qe4 gxf5 36. Qg2 Qxg2+ 37. Kxg2 Ne6 38. Nxb4 Nf4+ 39. Kh2 Kg7 40.
a4 Kf6 41. a5 Ke7 42. a6 Ne6 43. a7 1-0

[Event "Titled Tue 27th May Early"]
[Site "chess.com INT"]
[Date "2025.05.27"]
[Round "3"]
[White "Hasman, Cengiz"]
[Black "Toktomushev, Teimur"]
[Result "0-1"]
[BlackTitle "FM"]
[WhiteElo "2079"]
[BlackElo "2398"]
[WhiteFideId "413364"]
[BlackFideId "14176726"]
[EventDate "2025.05.27"]

1. d4 d5 2. c4 e6 3. Nc3 Nf6 4. cxd5 exd5 5. Bg5 c6 6. e3 Be7 7. Bd3 Nbd7 8.
Nge2 O-O 9. Qc2 Re8 10. f3 b5 11. Rd1 a6 12. O-O h6 13. Bh4 c5 14. Bf2 Bb7 15.
Bf5 Qb6 16. Kh1 Nf8 17. Bg1 g6 18. Bh3 Bc8 19. Bxc8 Raxc8 20. Qd2 Ne6 21. dxc5
Bxc5 22. Nd4 Nxd4 23. exd4 Bf8 24. Be3 b4 25. Na4 Qc6 26. b3 Qc2 27. Bxh6 Qxd2
28. Bxd2 Rc2 29. Nc5 Re2 30. Bf4 Nh5 31. Bb8 Rxg2 32. Rg1 Rge2 33. Rge1 Rxa2 34.
Rxe2 Rxe2 35. Nxa6 Re3 36. Nc5 Rxf3 37. Kg2 Rc3 38. Rd3 Nf4+ 39. Kf1 Nxd3 40.
Nxd3 Rxd3 41. Ke2 Rxb3 0-1

[Event "Titled Tue 27th May Early"]
[Site "chess.com INT"]
[Date "2025.05.27"]
[Round "3"]
[White "Ferrara, Enzo"]
[Black "Gong, Qianyun"]
[Result "1-0"]
[BlackTitle "WGM"]
[WhiteElo "2138"]
[BlackElo "2265"]
[WhiteFideId "137731"]
[BlackFideId "8602425"]
[EventDate "2025.05.27"]

1. d4 Nf6 2. c4 e6 3. Nc3 Bb4 4. e3 O-O 5. Ne2 b6 6. a3 Be7 7. Nf4 Bb7 8. Bd3 d5
9. Qf3 c5 10. cxd5 exd5 11. O-O Re8 12. Bd2 c4 13. Bf5 Bf8 14. h4 Nc6 15. h5 Na5
16. Rad1 Nb3 17. Rfe1 a6 18. Bc2 Qd6 19. Nb1 a5 20. Bxb3 cxb3 21. Nc3 Ne4 22.
Nxe4 dxe4 23. Qg4 Rac8 24. Rc1 Bc6 25. Qf5 Bd7 26. Qd5 Qxd5 27. Nxd5 Rc2 28.
Rxc2 bxc2 29. Nxb6 Bb5 30. Bxa5 Rb8 31. f3 exf3 32. gxf3 Bd6 33. Nd5 Bd3 34. Bc3
f5 35. Kf2 Rb3 36. Nb4 Bxb4 37. axb4 Kf7 38. Rc1 g5 39. hxg6+ hxg6 40. Ke1 Ke6
41. Kd2 Bc4 42. Kxc2 Kd5 43. Ra1 g5 44. Ra5+ Ke6 45. Rc5 1-0

[Event "Titled Tue 27th May Early"]
[Site "chess.com INT"]
[Date "2025.05.27"]
[Round "3"]
[White "Karimova, Guldona"]
[Black "Caprio, Guido"]
[Result "0-1"]
[WhiteTitle "WIM"]
[BlackTitle "IM"]
[WhiteElo "2265"]
[BlackElo "2435"]
[WhiteFideId "14210410"]
[BlackFideId "834580"]
[EventDate "2025.05.27"]

1. e4 e6 2. d4 d5 3. Nd2 dxe4 4. Nxe4 Nf6 5. Nxf6+ gxf6 6. Nf3 Nc6 7. Bb5 a6 8.
Bc4 b5 9. Bd3 Bb7 10. c3 Rg8 11. Bf4 Rxg2 12. Bg3 Qd5 13. Kf1 Nxd4 14. cxd4 Qxf3
15. Qxf3 Bxf3 16. Rg1 Rxg1+ 17. Kxg1 O-O-O 18. Rc1 c5 19. Bf1 Rxd4 20. Bg2 Bxg2
21. Kxg2 Rd2 22. Rb1 Kd7 23. Kf3 Kc6 24. Bf4 Rc2 25. Be3 c4 26. Bd4 Bc5 27. Bxc5
Kxc5 28. Ke3 a5 29. h4 a4 30. h5 h6 31. b3 Rxa2 32. bxc4 b4 33. Rd1 Ra3+ 34. Ke2
Rh3 35. Rd7 Rxh5 36. Rc7+ Kd4 37. Rxf7 Kxc4 38. Rxf6 a3 39. Rxe6 a2 40. Ra6 b3
41. Kd2 b2 42. Ra4+ Kb3 43. Ra7 b1=Q 44. Rb7+ Kc4 45. Rc7+ Rc5 46. Rxc5+ Kxc5 0-1

[Event "Titled Tue 27th May Early"]
[Site "chess.com INT"]
[Date "2025.05.27"]
[Round "3"]
[White "Gonzalez Vega, Alejandro"]
[Black "Goldin, Roman"]
[Result "0-1"]
[WhiteTitle "FM"]
[BlackTitle "FM"]
[WhiteElo "2092"]
[BlackElo "2296"]
[WhiteFideId "3510042"]
[BlackFideId "2803860"]
[EventDate "2025.05.27"]

1. d4 Nf6 2. c4 Nc6 3. Nf3 e6 4. Nc3 Bb4 5. Bg5 d6 6. Qc2 h6 7. Bh4 Qe7 8. e3 e5
9. d5 Bxc3+ 10. bxc3 Nb8 11. e4 Nbd7 12. Nd2 O-O 13. Be2 b6 14. a4 a5 15. O-O
Re8 16. Rfe1 Nf8 17. f3 g5 18. Bf2 Ng6 19. Nf1 Nh5 20. g3 Bd7 21. Ne3 Qf6 22.
Rf1 Ng7 23. Rfe1 h5 24. Rf1 Kh7 25. Be1 Rg8 26. Bd2 Ne7 27. Rf2 Qg6 28. g4 h4
29. h3 Qf6 30. Nf5 Ng6 31. Bf1 Nf4 32. Be3 Rae8 33. Qd2 Nxf5 34. exf5 e4 35.
fxe4 Rxe4 36. Bxf4 gxf4 37. Rxf4 Rge8 38. Rxe4 Rxe4 39. Re1 Rxe1 40. Qxe1 Bxa4
41. Qe3 Bd7 42. Bd3 Kg7 43. g5 Qxc3 44. f6+ Kg8 45. Qe4 Qc1+ 46. Kg2 Qxg5+ 47.
Kf1 Bxh3+ 48. Ke1 Qe5 0-1

[Event "Titled Tue 27th May Early"]
[Site "chess.com INT"]
[Date "2025.05.27"]
[Round "3"]
[White "Saiz Rodriguez, Daniel Evelio"]
[Black "Masague Artero, Guerau"]
[Result "1-0"]
[WhiteTitle "FM"]
[BlackTitle "FM"]
[WhiteElo "2187"]
[BlackElo "2326"]
[WhiteFideId "3523420"]
[BlackFideId "32098952"]
[EventDate "2025.05.27"]

1. c4 a6 2. d4 e6 3. Nf3 d5 4. cxd5 exd5 5. Nc3 c6 6. Bf4 Bd6 7. Bxd6 Qxd6 8. e3
Bf5 9. Nh4 Bg6 10. Bd3 Nf6 11. O-O O-O 12. Nxg6 hxg6 13. Rb1 Nbd7 14. b4 Rfe8
15. a4 b5 16. Qf3 Nb6 17. axb5 axb5 18. Qg3 Qe7 19. Rfc1 Ra3 20. Bxb5 cxb5 21.
Nxb5 Ra2 22. Nc3 Raa8 23. h3 Ne4 24. Nxe4 Qxe4 25. b5 Rec8 26. Qd6 Qe6 27. Qxe6
fxe6 28. Rc6 Rxc6 29. bxc6 Nc4 30. c7 Rc8 31. Rb8 Nd6 32. Rb6 Ne8 33. Rxe6 Kf7
34. Re5 Nf6 35. Kh2 Rxc7 36. f3 Re7 37. Rxe7+ Kxe7 38. Kg3 g5 39. h4 gxh4+ 40.
Kxh4 Kf7 41. Kg5 Nd7 42. Kf5 g6+ 43. Kf4 Kf6 44. e4 1-0